00565nam a22001817a 4500008004000000020001800040082001600058100001800074245008500092260005000177300001700227504002800244650002800272650002200300650003100322942001300353999001700366181127b xxu|||| |||| 00| 0 eng d a0-89568-081-5 a371.9/B288c aBaruth, Leroy aCounseling parents of exceptional children,by Leroy Baruth and Margaret Burggraf aBoston:bSpecial learning Corporation,c1979. a209p. illus. aIncludes biblliiography aspecial education95883 aDisabled children aExceptional children92825 2ddccGEN c83941d83930